|
|
|
|
| LEADER |
00000nam0a2200000 4500 |
| 001 |
94738 |
| 005 |
20231031105745.0 |
| 035 |
|
|
|a (RuTPU)RU\TPU\book\101486
|
| 090 |
|
|
|a 94738
|
| 100 |
|
|
|a 20060414d1975 m y0rusy50 ca
|
| 101 |
0 |
|
|a rus
|
| 102 |
|
|
|a RU
|
| 105 |
|
|
|a y z 000gy
|
| 200 |
1 |
|
|a Лирика фронтовых лет
|e избранные стихотворения, написанные в годы Великой Отечественной войны
|f сост. Е. А. Городецкий
|
| 210 |
|
|
|a Новосибирск
|c Западно-Сибирское книжное изд-во
|d 1975
|
| 215 |
|
|
|a 336 с.
|c ил.
|
| 610 |
1 |
|
|a советская литература
|
| 610 |
1 |
|
|a лирика
|
| 610 |
1 |
|
|a Великая Отечественная война 1941-1945
|
| 675 |
|
|
|a Р2
|v 3
|
| 702 |
|
1 |
|a Городецкий
|b Е. А.
|4 220
|
| 801 |
|
1 |
|a RU
|b 63413507
|c 20060414
|g PSBO
|
| 942 |
|
|
|c BK
|